Historias Polaroid (Record no. 1567)

MARC details
000 -LEADER
campo de control de longitud fija 00495nam a22001457a 4500
008 - DATOS DE LONGITUD FIJA--INFORMACIÓN GENERAL
campo de control de longitud fija 180803b xxu||||| |||| 00| 0 eng d
020 ## - NÚMERO INTERNACIONAL ESTÁNDAR DEL LIBRO
Número Internacional Estándar del Libro 9968834929
082 ## - NÚMERO DE LA CLASIFICACIÓN DECIMAL DEWEY
Número de clasificación 861.728.6
Número de ítem C512h
100 ## - ENTRADA PRINCIPAL--NOMBRE DE PERSONA
Nombre de persona Chaves, Luis
9 (RLIN) 5992
245 ## - MENCIÓN DEL TÍTULO
Título Historias Polaroid
260 ## - PUBLICACIÓN, DISTRIBUCIÓN, ETC.
Lugar de publicación, distribución, etc. San José, Costa Rica
Nombre del editor, distribuidor, etc. Ediciones Perro Azul
Fecha de publicación, distribución, etc. 2009
300 ## - DESCRIPCIÓN FÍSICA
Extensión 80 p.
Dimensiones 21x13 cm
505 ## - NOTA DE CONTENIDO CON FORMATO
Título i. Todo lo que no vuela
-- ii. Documentos falsos
-- iii. Travelling
650 ## - PUNTO DE ACCESO ADICIONAL DE MATERIA--TÉRMINO DE MATERIA
Fuente del encabezamiento o término Literatura
Subdivisión general Literatura costarricense
Subdivisión geográfica Poesía - Costa Rica
9 (RLIN) 6561
Holdings
Estatus retirado Estado de pérdida Fuente del sistema de clasificación o colocación Estado de daño No para préstamo Biblioteca de origen Biblioteca actual Ubicación en estantería Fecha de adquisición Total de préstamos Signatura topográfica completa Código de barras Visto por última vez Precio de reemplazo Tipo de ítem Koha
    Clasificación Decimal Dewey     Biblioteca LadoV Biblioteca LadoV   03/08/2018   861.728.6 C512h 004641 03/08/2018 03/08/2018 Material 01
    Clasificación Decimal Dewey     Biblioteca LadoV Biblioteca LadoV   20/09/2018   861.728.6 C512h 002246 20/09/2018 20/09/2018 Material 01